00509pab a2200169 454500008004000000100002600040245003600066260000900102300001300111362001100124650002800135773003400163908000600197909001100203999001900214952010600233180718b2014 xxu||||| |||| 00| 0 eng d aBhattacharjee, Manash aThe Tyranny of the 'common man' c2014 ap.21-22. a19 Apr aPolitics and government aEconomic and Political Weekly aN a103615 c103611d103611 00104070aIIPAbIIPAd2018-07-19hVolume no: 49, Issue no: 16pAR104075r2018-07-19w2018-07-19yAR